[Event "EYb14"]
[Site "Budva YUG"]
[Date "2003.09.15"]
[Round "3"]
[White "Zhigalko,S"]
[Black "Lapcevic,M"]
[Result "1-0"]
[WhiteElo "2399"]
[BlackElo "2119"]

1.e4 c5 2.c3 Nf6 3.e5 Nd5 4.Nf3 e6 5.Bc4 Nb6 6.Bb3 Nc6 7.d4 cxd4 8.cxd4 d6
9.O-O dxe5 10.dxe5 Qxd1 11.Rxd1 Bd7 12.Nc3 Na5 13.Bc2 Be7 14.Be4 O-O-O 15.Bg5 f6
16.Bh4 Bc6 17.exf6 Bxf6 18.Bxf6 gxf6 19.Nd4 Bd7 20.f4 a6 21.b3 Kb8 22.Rd2 Rc8
23.Nce2 Rc7 24.Rad1 h6 25.Ng3 Re8 26.f5 Ka7 27.fxe6 Bxe6 28.Bg6 Bf7 29.Bxf7 Rxf7
30.Ndf5 Rc7 31.Nxh6 Nc6 32.Ng4 Rf7 33.Nf5 Rff8 34.h4 Re4 35.Nge3 Rfe8 36.Nf1 R8e5
37.N1g3 Rg4 38.Rf2 Nd5 39.Rf3 Ncb4 40.h5 Nxa2 41.h6 Nf4 42.h7 Ng6 43.Rd6 Nc1
44.Rxf6 Re8 45.Ne3 Rg5 46.Ne4 Rxe4 47.Rxg6 Rh5 48.Rg7 Nxb3 49.Ng4 Nd4 50.Rh3 Rxh3
51.gxh3 Nf5 52.h8=Q  1-0

[Event "EYg18"]
[Site "Budva YUG"]
[Date "2003.09.15"]
[Round "3"]
[White "Hasanova,E"]
[Black "Kursova,M"]
[Result "1-0"]
[WhiteElo "2214"]
[BlackElo "2264"]

1.e4 c5 2.c3 Nf6 3.e5 Nd5 4.d4 cxd4 5.Nf3 e6 6.cxd4 d6 7.Bc4 Nc6 8.O-O Be7
9.Qe2 O-O 10.Qe4 Qc7 11.Re1 a6 12.Ng5 Bxg5 13.Bxg5 dxe5 14.dxe5 Nde7 15.Nd2 Ng6
16.Nf3 Ncxe5 17.Nxe5 Nxe5 18.Bb3 Ng6 19.Rac1 Qa5 20.h4 Bd7 21.Qxb7 Ba4 22.Bxa4 Qxa4
23.h5 Rab8 24.Qc7 Nh4 25.h6 Qg4 26.Bxh4 Qxh4 27.hxg7 Kxg7 28.Rc3 Qf6 29.Re4 Rxb2
30.Rf4 Rb7 31.Rg3+ Kh8 32.Qc1 Qb2 33.Qc5 Rd8 34.Qg5 f6 35.Rxf6 Rc8 36.Rxe6 Rf7
37.Kh2 a5 38.a4 Rg7 39.Qxg7+ Qxg7 40.Rxg7 Kxg7 41.Re5 Ra8 42.Kg3 Kf6 43.Kf4 Ra7
44.g4 h6 45.f3 Ra8 46.Rf5+ Ke6 47.Rh5  1-0

[Event "EYg16"]
[Site "Budva YUG"]
[Date "2003.09.16"]
[Round "4"]
[White "Schneider,Ve"]
[Black "Cherenkova,K"]
[Result "0-1"]
[WhiteElo "2094"]
[BlackElo "2173"]

1.e4 c5 2.c3 Nf6 3.e5 Nd5 4.Nf3 e6 5.d4 cxd4 6.cxd4 d6 7.Bc4 Nc6 8.Qe2 Be7
9.O-O O-O 10.Qe4 Qc7 11.Bd2 Ndb4 12.exd6 Qxd6 13.Bf4 Qd8 14.Nc3 Na5 15.Bb5 a6
16.Ba4 Nc4 17.Qe2 b5 18.Bb3 Na5 19.Bd1 Bb7 20.a3 Nd5 21.Be3 Rc8 22.a4 Nxc3
23.bxc3 Bd5 24.Ne5 Nc4 25.Bd2 Bd6 26.Nd3 Nxd2 27.Qxd2 Qc7 28.axb5 axb5 29.Nb4 Bxh2+
30.Kh1 Bc4 31.Re1 Qf4 32.Re3 Qh6 33.Bh5 Bf4  0-1

[Event "EYb18"]
[Site "Budva YUG"]
[Date "2003.09.16"]
[Round "4"]
[White "Jakymov,V"]
[Black "Sulashvili,M"]
[Result "1-0"]
[WhiteElo "2363"]
[BlackElo "2295"]

1.e4 c5 2.c3 Nf6 3.e5 Nd5 4.d4 cxd4 5.Qxd4 e6 6.Nf3 Nc6 7.Qe4 f5 8.exf6 Nxf6
9.Qh4 d5 10.Bg5 Bd6 11.Bd3 Kf7 12.O-O h6 13.Bxf6 Qxf6 14.Qa4 Bd7 15.Nbd2 g5
16.Rfe1 Kg7 17.Bb5 e5 18.c4 a6 19.Bxc6 Bxc6 20.Qa5 g4 21.cxd5 b6 22.Qc3 Bxd5
23.Nxe5 h5 24.Qd4 Bb7 25.Ndc4 Rad8 26.Qxb6 Bd5 27.Qa7+ Kh6 28.Nxd6 Rxd6 29.Rad1 Rf8
30.Qc5 Rfd8 31.b3 Kg7 32.Nc4 Bxc4 33.Rxd6 Qxd6 34.Qxc4 Rf8 35.Qe6 Rf6 36.Qxd6 Rxd6
37.g3 Kf6 38.Re4 Rd5 39.Ra4 a5 40.Kg2 Kg5 41.h3 Rf5 42.hxg4 hxg4 43.b4 axb4
44.Rxb4 Rc5 45.a4 Rc1 46.Rb5+  1-0

[Event "3rd ch-Euro Senior"]
[Site "Saint Vincent ITA"]
[Date "2003.09.19"]
[Round "3"]
[White "Ofstad,P"]
[Black "Kraidman,Y"]
[Result "1-0"]
[WhiteElo "2221"]
[BlackElo "2319"]

1.e4 c5 2.c3 Nf6 3.e5 Nd5 4.g3 e6 5.Bg2 Nc6 6.Nf3 d6 7.exd6 Bxd6 8.O-O O-O
9.d4 h6 10.a4 b6 11.Na3 Bb7 12.Re1 cxd4 13.Nxd4 Nxd4 14.Qxd4 Bc5 15.Qe5 Qe7
16.Nc2 Nf6 17.Qe2 Rad8 18.Be3 Bxg2 19.Kxg2 Rd7 20.Nd4 Nd5 21.Rad1 Qf6 22.Nc2 Qg6
23.Kg1 Rfd8 24.Bxc5 bxc5 25.Qe4 Qh5 26.Ne3 Nxc3 27.Rxd7 Nxe4 28.Rxd8+ Kh7
29.h4 g5 30.Nd1 Qf3 31.Re3 Qg4 32.Nc3 Nxc3 33.bxc3 Qxa4 34.hxg5 hxg5 35.Rc8 c4
36.Rc7 Kg6 37.Kg2 Qa5 38.Rd7 Qc5 39.Kg1 a5 40.Rf3 f5 41.Re3 a4 42.Rxe6+ Kh5
43.Kg2 f4 44.f3 g4 45.gxf4 gxf3+ 46.Kxf3  1-0

[Event "Osen I"]
[Site "Alushta UKR"]
[Date "2003.09.20"]
[Round "7"]
[White "Boricsev,O"]
[Black "Kulaots,K"]
[Result "1/2-1/2"]
[WhiteElo "2326"]
[BlackElo "2530"]

1.e4 c5 2.c3 Nf6 3.e5 Nd5 4.d4 cxd4 5.Nf3 Nc6 6.Bc4 Nb6 7.Bb3 d5 8.exd6 Qxd6
9.O-O Be6 10.Na3 dxc3 11.Nb5  1/2-1/2

[Event "EYb16"]
[Site "Budva YUG"]
[Date "2003.09.20"]
[Round "7"]
[White "Vranes,D"]
[Black "Gigov,M"]
[Result "0-1"]
[WhiteElo "2042"]
[BlackElo "2079"]

1.e4 c5 2.c3 Nf6 3.e5 Nd5 4.d4 cxd4 5.Qxd4 e6 6.Nf3 Nc6 7.Qe4 d6 8.exd6 Bxd6
9.g3 Bd7 10.Bg2 Qc7 11.Nbd2 Nf6 12.Qe2 b5 13.O-O Rb8 14.Ne4 Nxe4 15.Qxe4 O-O
16.Bd2 f5 17.Qe2 e5 18.Rac1 e4 19.Ne1 Qa5 20.a3 Qd8 21.Bf4 Bxf4 22.gxf4 Be6
23.Rd1 Qc7 24.Qe3 Bc4 25.Nc2 Bxf1 26.Bxf1 Qb6 27.Nd4 Nxd4 28.Qxd4 Qg6+ 29.Kh1 Rbd8
30.Qxd8 Rxd8 31.Rxd8+ Kf7 32.Rd7+ Kf8 33.Rb7 a6 34.Rb8+ Ke7 35.c4 bxc4 36.Bxc4 Qc6
37.b3 e3+ 38.Kg1 Qc7 39.Rg8 Qxc4  0-1

[Event "3rd ch-Euro Senior"]
[Site "Saint Vincent ITA"]
[Date "2003.09.20"]
[Round "4"]
[White "Rosino,A"]
[Black "Klundt,K"]
[Result "1/2-1/2"]
[WhiteElo "2275"]
[BlackElo "2359"]

1.e4 c5 2.c3 Nf6 3.e5 Nd5 4.d4 cxd4 5.Nf3 Nc6 6.cxd4 d6 7.Bc4 Nb6 8.Bb5 dxe5
9.Nxe5 Bd7 10.Nxd7 Qxd7 11.Nc3 e6 12.O-O Be7 13.Qg4 g6 14.Bh6 f5 15.Qf3 Rd8
16.Bg7 Rg8 17.Be5 Kf7 18.Qh3 h5 19.Rad1 Bf6 20.Rfe1 a6 21.Bf1 Nd5  1/2-1/2

[Event "EYb14"]
[Site "Budva YUG"]
[Date "2003.09.21"]
[Round "8"]
[White "Krivoborodov,E"]
[Black "Margolin,E"]
[Result "1/2-1/2"]
[WhiteElo "2298"]
[BlackElo "2222"]

1.e4 c5 2.c3 Nf6 3.e5 Nd5 4.Nf3 Nc6 5.Bc4 Nb6 6.Bb3 c4 7.Bc2 Qc7 8.Qe2 g5
9.h3 Bg7 10.e6 dxe6 11.Nxg5 Qe5 12.d4 cxd3 13.Bxd3 Qxe2+ 14.Bxe2 h6 15.Ne4 e5
16.O-O Bf5 17.Ng3 Be6 18.Nh5 Bf8 19.Rd1 Rg8 20.Kh2 Bd5 21.Ng3 O-O-O 22.Be3 Be6
23.Rxd8+ Kxd8 24.Bxb6+ axb6 25.Na3 Kc8 26.Nc4 Kc7 27.Ne3 Bg7 28.Ngf5 Bxf5
29.Nxf5 e6 30.Nxg7 Rxg7 31.Rd1 f5 32.Bc4 Re7 33.f3 Nd8 34.Re1 Nf7 35.Bb3 Kd6
36.Kg3 Nh8 37.Kf2 Ng6 38.g3 Nh8 39.Bc2 Rf7 40.Rd1+ Kc7 41.Re1 Kd6 42.Ba4 Re7
43.Rd1+ Kc7 44.b4 Nf7 45.Re1 Kd6 46.Rd1+ Kc7 47.c4 Kc8 48.Rc1 Rc7 49.Rc2 Kb8
50.Bb3 Nd8 51.c5 bxc5 52.bxc5 Kc8 53.g4 Kd7 54.h4 Ke7 55.Ba4 Kf6 56.Ke3 Nc6
57.Bxc6 Rxc6 58.Kd3 e4+ 59.fxe4 fxg4 60.Rg2 h5 61.Kd4 b6  1/2-1/2

[Event "EYg18"]
[Site "Budva YUG"]
[Date "2003.09.22"]
[Round "9"]
[White "Hasanova,E"]
[Black "Motoc,A"]
[Result "1-0"]
[WhiteElo "2214"]
[BlackElo "2387"]

1.e4 c5 2.c3 Nf6 3.e5 Nd5 4.d4 cxd4 5.Nf3 e6 6.cxd4 d6 7.Bc4 Nb6 8.Bb3 dxe5
9.Nxe5 Nc6 10.Nxc6 bxc6 11.O-O Be7 12.Nc3 O-O 13.Qd3 a5 14.Re1 Ba6 15.Qe4 Bf6
16.Bc2 g6 17.Bh6 Re8 18.Rad1 Nc4 19.Qxc6 Nxb2 20.Rb1 Nd3 21.Ne4 Nxe1 22.Qxe8+ Qxe8
23.Nxf6+ Kh8 24.Nxe8 Nxc2 25.Nc7 Rd8 26.Nxa6 Nxd4 27.Bg5  1-0

[Event "EYg16"]
[Site "Budva YUG"]
[Date "2003.09.22"]
[Round "9"]
[White "Schneider,Ve"]
[Black "Stojanovic,An"]
[Result "0-1"]
[WhiteElo "2094"]
[BlackElo "2170"]

1.e4 c5 2.c3 Nf6 3.e5 Nd5 4.Nf3 e6 5.d4 cxd4 6.cxd4 d6 7.Bc4 Nc6 8.O-O Be7
9.Qe2 O-O 10.Qe4 Ndb4 11.exd6 Qxd6 12.Bf4 Qd8 13.a3 Nd5 14.Bd2 a6 15.Nc3 Nf6
16.Qd3 b5 17.Ba2 Bb7 18.Rad1 b4 19.Ne4 bxa3 20.Bb1 g6 21.Bh6 a2 22.Bxa2 Re8
23.Neg5 Nb4 24.Nxf7 Qb6 25.N7g5 Nxd3 26.Bxe6+ Qxe6 27.Nxe6 Bd6 28.Ng7 Re2
29.Rxd3 Ng4 30.Bg5 Kxg7 31.h3 Nf6 32.Rb3 Bxf3 33.gxf3 Rb8 34.Rxb8 Bxb8 35.Ra1 Re6
36.Ra5 Bc7 37.Rc5 Bb6 38.Be3 Nd5 39.Kf1 Bd8 40.Rc8 Be7  0-1

[Event "EYb16"]
[Site "Budva YUG"]
[Date "2003.09.22"]
[Round "9"]
[White "Pokazanjev,N"]
[Black "Nithander,V"]
[Result "1/2-1/2"]
[WhiteElo "2381"]
[BlackElo "2225"]

1.e4 c5 2.c3 Nf6 3.e5 Nd5 4.d4 cxd4 5.Nf3 e6 6.cxd4 d6 7.Nc3 Nc6 8.Bb5 Qa5
9.Qa4 Qxa4 10.Bxa4 Nxc3 11.bxc3 Bd7 12.exd6 Bxd6 13.Rb1 Na5 14.Bxd7+ Kxd7
15.c4 b6 16.c5 Bc7 17.O-O bxc5 18.dxc5 Rab8 19.Rd1+ Kc8 20.Rxb8+ Bxb8 21.Ng5 Rf8
22.Bb2 e5 23.Bc3 Nc6 24.f4 h6 25.Ne4 Rd8 26.Rb1 f5 27.Nd6+ Bxd6 28.cxd6 exf4
29.Bxg7 Rxd6 30.Rf1 Nd4 31.Kf2 Ne6 32.Bxh6 Rd2+ 33.Kg1 Rd4 34.h4 Kd7 35.Rf3 Ra4
36.h5 Ke7 37.Bg7 Kf7 38.Be5 Re4 39.Bc3 Kg8 40.Rd3 Kh7 41.Rd5 Re3 42.Bd2 Ra3
43.Rxf5 Ng7 44.Rg5 Ne6 45.Rf5 Ng7 46.Rd5 Ne6 47.Rd7+ Kg8 48.h6 f3 49.Re7 Nd4
50.Bg5 Ra6 51.h7+ Kh8 52.Bd2 Ne2+ 53.Kf2 Rxa2 54.Bg5 Nd4+ 55.Ke1 Ra6 56.g3 Re6+
57.Rxe6  1/2-1/2

[Event "3rd ch-Euro Senior"]
[Site "Saint Vincent ITA"]
[Date "2003.09.23"]
[Round "7"]
[White "Rahls,P"]
[Black "Klundt,K"]
[Result "0-1"]
[WhiteElo "2300"]
[BlackElo "2359"]

1.e4 c5 2.c3 Nf6 3.e5 Nd5 4.d4 cxd4 5.Nf3 Nc6 6.cxd4 d6 7.Bc4 Nb6 8.Bb3 dxe5
9.d5 Na5 10.Nc3 f6 11.Be3 Bd7 12.Nxe5 fxe5 13.Qh5+ g6 14.Qxe5 Rg8 15.Ne4 Nbc4
16.Nf6+ Kf7 17.Nxd7 Nxe5 18.Nxe5+ Kg7 19.Bh6+ Kxh6 20.Nf7+ Kg7 21.Nxd8 Rxd8
22.O-O-O Nxb3+ 23.axb3 Kf7 24.h4 Rd7 25.h5 gxh5 26.Rxh5 Rxg2 27.Rxh7+ Bg7
28.b4 Kg6 29.Rh3 Bh6+ 30.Kb1 Rxf2 31.Re1 Bg5 32.Rg3 Kf5 33.Rd3 Bf6  0-1

[Event "ch-IRI"]
[Site "Mashad IRI"]
[Date "2003.09.28"]
[Round "7"]
[White "Asadi,S"]
[Black "Soozankar,A"]
[Result "1-0"]
[WhiteElo "2210"]
[BlackElo "2111"]

1.e4 c5 2.c3 Nf6 3.e5 Nd5 4.d4 cxd4 5.Nf3 e6 6.cxd4 b6 7.Qa4 Bb7 8.Bd3 Be7
9.O-O O-O 10.a3 f5 11.Nc3 Nxc3 12.bxc3 Qe8 13.Qd1 h6 14.Qe2 g5 15.h4 g4 16.Nh2 Qh5
17.g3 Bxh4 18.gxh4 Bf3 19.Qd2 f4 20.Be2 Rf5 21.Qd3 Bxe2 22.Qxe2 Qxh4 23.f3 g3
24.Ng4 Kg7 25.Qg2 Nc6 26.Re1 h5 27.Nf2 Ne7 28.Nh3 Ng6 29.Re4 Raf8 30.a4 Qd8
31.Qb2 Qa8 32.c4 Qc6 33.Qb3 R8f7 34.Bd2 a5 35.Rb1 Rf8 36.Qb5 Qc7 37.Rb3 R8f7
38.c5 bxc5 39.Bxa5 Qc8 40.Qxc5 Qa6 41.Qb5 Qa8 42.Bd2 d6 43.a5 dxe5 44.dxe5 Qa7+
45.Qb6 Qd7 46.Rd4 Qe7 47.Bb4 Qh4 48.Kg2 Rxe5 49.Rd2 Re3 50.Rbd3 e5 51.Bc3 Qe7
52.Rxe3 Nh4+ 53.Kh1 fxe3 54.Qxe3 Nxf3 55.Re2 Qd7 56.Bxe5+ Kg8 57.Ng1 Nxg1
58.Kxg1 Qf5 59.Bxg3 Rg7 60.Kh2 Qxa5 61.Qe8+ Kh7 62.Be5  1-0

[Event "ECC"]
[Site "Rethymnon GRE"]
[Date "2003.09.28"]
[Round "1"]
[White "Ochsner,T"]
[Black "Zvjaginsev,V"]
[Result "0-1"]
[WhiteElo "2362"]
[BlackElo "2653"]

1.e4 c5 2.c3 Nf6 3.e5 Nd5 4.Nf3 e6 5.Bc4 d6 6.d4 cxd4 7.cxd4 Nb6 8.Bd3 dxe5
9.Nxe5 Nc6 10.Nxc6 bxc6 11.O-O Qxd4 12.Nc3 Be7 13.Qc2 Bd7 14.Rd1 Nd5 15.Nxd5 cxd5
16.Qc7 Qb6 17.Qe5 O-O 18.Be3 Qd6 19.f4 Qxe5 20.fxe5 a5 21.Rac1 Rfc8 22.Kf2 f6
23.Bd4 fxe5 24.Bxe5 Bf6 25.Bxf6 gxf6 26.Ke3 Kf7 27.Kd4 Ke7  0-1

[Event "1st ch-Mediterranean"]
[Site "Beruit LIB"]
[Date "2003.09.29"]
[Round "4"]
[White "Kapnisis,S"]
[Black "Sebenik,M"]
[Result "1/2-1/2"]
[WhiteElo "2392"]
[BlackElo "2425"]

1.e4 c5 2.c3 Nf6 3.e5 Nd5 4.Nf3 Nc6 5.d4 cxd4 6.cxd4 d6 7.Bc4 Nb6 8.Bb5 dxe5
9.Nxe5 Bd7 10.Nxd7 Qxd7 11.Nc3 e6 12.O-O Be7 13.Qg4 O-O 14.Bxc6 bxc6 15.Bh6 Bf6
16.Rfd1 Kh8 17.Ne4 Qd8 18.Bg5 Bxg5 19.Nxg5 h6 20.Nf3 Qd5 21.Qf4 Rad8 22.Rdc1 Qd6
23.Qxd6 Rxd6 24.Rc5 f6 25.Rac1 Rc8 26.Kf1 Nd5 27.Ra5 Rc7 28.g3 Rb7 29.b3 Ne7
30.Ra6 g5 31.h3 Kg7 32.Rc4 Kf7 33.Ne1 Nd5 34.Rca4 Ne7 35.Rxa7 Rxa7 36.Rxa7 Rxd4
37.Ke2 f5 38.Nf3 Re4+ 39.Kd3 Kf6 40.Ra4 Nd5 41.Rxe4 fxe4+ 42.Kxe4 Nc3+ 43.Kd4 Nxa2
44.Kc5 Nc1 45.Nd2 Nd3+ 46.Kxc6 Ke5 47.Kb5 Nxf2 48.b4 Kd5 49.Ka6 Nd3 50.b5 Nc5+
51.Kb6 e5 52.Nf1 Kd4 53.Ne3 e4 54.Nf5+ Kc4 55.Ne3+ Kd4 56.Nf5+ Kc4  1/2-1/2

[Event "ECC"]
[Site "Rethymnon GRE"]
[Date "2003.09.29"]
[Round "2"]
[White "Kantsler,B"]
[Black "Tregubov,P"]
[Result "0-1"]
[WhiteElo "2472"]
[BlackElo "2635"]

1.e4 c5 2.c3 Nf6 3.e5 Nd5 4.d4 cxd4 5.Nf3 Nc6 6.Bc4 Nb6 7.Bb3 d5 8.exd6 Qxd6
9.O-O Be6 10.Na3 dxc3 11.Qe2 Bxb3 12.Nb5 Qb8 13.axb3 e5 14.Bf4 f6 15.Be3 cxb2
16.Bxb6 bxa1=Q 17.Rxa1 Bd6 18.Qe4 axb6 19.Nxd6+ Qxd6 20.Rxa8+ Nd8 21.h3 Qc6
22.Qd3 Qc1+ 23.Kh2 Qc7 24.Qb5+ Ke7 25.Qb4+ Kf7 26.Nd2 Rf8 27.Nc4 Ne6 28.Ra7 Rb8
29.Qxb6 Qxb6 30.Nxb6 Ke7 31.Ra1 Nc5 32.Rc1 Ne6 33.Nc8+ Ke8 34.b4 b5 35.Nd6+ Kd7
36.Nf5 g6 37.Ne3 Nd4 38.Nd5 Ke6 39.Rc5 Rb7 40.Nc3 Rb6 41.Rc7 h5 42.f3 h4
43.Rc5 g5 44.Rc7 Nc2 45.Nxb5 Nxb4 46.Nc3 Nd3 47.Ne4 Nf4 48.Rc2 Kf5 49.Rd2 Kg6
50.g3 Ne6 51.Rd6 Rxd6 52.Nxd6 Nd4 53.g4  0-1

[Event "ECC"]
[Site "Rethymnon GRE"]
[Date "2003.09.29"]
[Round "2"]
[White "Kantsler,B"]
[Black "Tregubov,P"]
[Result "0-1"]
[WhiteElo "2472"]
[BlackElo "2635"]

1.e4 c5 2.c3 Nf6 3.e5 Nd5 4.d4 cxd4 5.Nf3 Nc6 6.Bc4 Nb6 7.Bb3 d5 8.exd6 Qxd6
9.O-O Be6 10.Na3 dxc3 11.Qe2 Bxb3 12.Nb5 Qb8 13.axb3 e5 14.Bf4 f6 15.Be3 cxb2
16.Bxb6 bxa1=Q 17.Rxa1 Bd6 18.Qe4 axb6 19.Nxd6+ Qxd6 20.Rxa8+ Nd8 21.h3 Qc6
22.Qd3 Qc1+ 23.Kh2 Qc7 24.Qb5+ Ke7 25.Qb4+ Kf7 26.Nd2 Rf8 27.Nc4 Ne6 28.Ra7 Rb8
29.Qxb6 Qxb6 30.Nxb6 Ke7 31.Ra1 Nc5 32.Rd1 Ne6 33.Nc8+ Rxc8 34.b4 b5 35.Rd6  0-1

[Event "Tatry Open"]
[Site "Tatranske Zruby SVK"]
[Date "2003.09.29"]
[Round "3"]
[White "Chovanec,M"]
[Black "Havlicek,L2"]
[Result "0-1"]
[WhiteElo "2184"]
[BlackElo "2280"]

1.e4 c5 2.c3 Nf6 3.e5 Nd5 4.d4 cxd4 5.cxd4 e6 6.Nc3 d6 7.Nf3 Nxc3 8.bxc3 Qc7
9.Bd2 Nd7 10.exd6 Bxd6 11.Bd3 O-O 12.O-O b6 13.Qe2 Bb7 14.h3 e5 15.dxe5 Bxf3
16.Bxh7+ Kxh7 17.Qd3+ Kg8 18.exd6 Ne5 19.dxc7 Nxd3 20.gxf3 Rac8 21.Be3 Rxc7
22.Bd4 Nf4 23.Be5 Rc4 24.Bxf4 Rxf4 25.Rfd1 Rxf3 26.Rd7 a5 27.Rb7 Rxh3 28.Rxb6 Rxc3
29.a4 Ra8 30.Rb5 Rc4 31.Ra3 Rg4+ 32.Kf1 Ra6 33.Rb8+ Kh7 34.Rh3+ Kg6 35.Rg3 Rxg3
36.fxg3 Rf6+ 37.Kg2 Rf5 38.Rb6+ Kg5 39.Rc6 Rd5 40.Rc7 Kg6 41.Ra7 f5 42.Kf2 Kf6
43.Ra6+ Kg5 44.Ra7 g6 45.Ra6 Kh5 46.Kf3 Rc5 47.g4+ fxg4+ 48.Kg3 Kg5 49.Rd6 Rc3+
50.Kg2 Kh4 51.Rxg6 Rc2+ 52.Kf1 Ra2 53.Rc6 Rxa4 54.Rc3 Ra2 55.Kg1 a4 56.Kf1 Rb2
57.Ra3 Rb4 58.Kg2 g3 59.Ra2 Kg4 60.Ra1 Rb2+ 61.Kf1 Kh3  0-1

[Event "7th Itau Cup"]
[Site "Sao Paulo BRA"]
[Date "2003.09.30"]
[Round "4"]
[White "Machado,G"]
[Black "Alonso Moyano,J"]
[Result "0-1"]
[WhiteElo "2073"]
[BlackElo "2281"]

1.e4 c5 2.c3 Nf6 3.e5 Nd5 4.d4 d6 5.dxc5 dxc5 6.c4 Qa5+ 7.Bd2 Nb4 8.Nc3 Bf5
9.Nd5 e6 10.a3 exd5 11.axb4 Qc7 12.Nf3 dxc4 13.Bxc4 cxb4 14.Rc1 Nc6 15.O-O Be7
16.Re1 O-O 17.Nd4 Qd7 18.Nxf5 Qxf5 19.e6 f6 20.Qa4 Rfd8 21.Be3 a6 22.Bb6 Rd2
23.Qa1 Kh8 24.Rcd1 Rxd1 25.Qxd1 Bc5 26.Bxc5 Qxc5 27.Qe2 Re8 28.b3 b5 29.Bd3 g6
30.Qd2 Ne5 31.Rc1 Qd4 32.Qh6 Nxd3 33.e7 Qxf2+ 34.Kh1 Kg8 35.h4 Nxc1  0-1

[Event "YM"]
[Site "Zug SUI"]
[Date "2003.10.08"]
[Round "2"]
[White "Allemann,A"]
[Black "Papa,S"]
[Result "0-1"]
[WhiteElo "2271"]
[BlackElo "2401"]

1.e4 c5 2.c3 Nf6 3.e5 Nd5 4.Nf3 e6 5.Bc4 Nb6 6.Bb3 c4 7.Bc2 d6 8.exd6 Bxd6
9.d4 cxd3 10.Qxd3 Nc6 11.O-O Ne5 12.Nxe5 Bxe5 13.Qe4 Qc7 14.h3 Bd7 15.Nd2 Bc6
16.Qe2 Nd5 17.Nf3 Bf6 18.Be4 O-O 19.Bg5 Bxg5 20.Nxg5 Qf4 21.Bxh7+ Kh8 22.Qh5 Nf6
23.Nxf7+ Rxf7 24.Qxf7 Kxh7 25.Rad1 Qg5 26.f3 e5 27.Qc4 e4 28.fxe4 Bb5 29.Qd4 Bxf1
30.Rxf1 Re8 31.Qxa7 Nxe4 32.Qd4 Ng3 33.Qd3+ Kh8 34.Rd1 Ne2+ 35.Kh1 Qe5 36.Qf3 Ng3+
37.Kg1 Ne2+ 38.Kh1 Ng3+ 39.Kg1 Ne2+ 40.Kh1 Qg5 41.Qxb7 Rd8 42.Qb3 Rd2 43.c4 Kh7
44.a4 Nd4 45.Rxd2 Nxb3  0-1

[Event "FSIM October"]
[Site "Budapest HUN"]
[Date "2003.10.09"]
[Round "6"]
[White "Brustkern,J"]
[Black "Mensch,E"]
[Result "0-1"]
[WhiteElo "2214"]
[BlackElo "2327"]

1.e4 c5 2.c3 Nf6 3.Bd3 Nc6 4.Nf3 g6 5.O-O Bg7 6.Bc2 O-O 7.h3 e5 8.d4 cxd4
9.cxd4 d5 10.exd5 Nxd4 11.Nxd4 exd4 12.Qxd4 Nxd5 13.Qd1 Nb4 14.Be4 Qh4 15.Qf3 Re8
16.Nd2 Rb8 17.a3 Nc6 18.Bd5 Be6 19.Bxe6 Rxe6 20.Nb3 Rbe8 21.Be3 Bxb2 22.Ra2 Bg7
23.Nc5 R6e7 24.Nxb7 Ne5 25.Qd5 Qc4 26.Qxc4 Nxc4 27.Nc5 Nxe3 28.fxe3 Rxe3
29.Nd7 Re1 30.Rxe1 Rxe1+ 31.Kf2 Rd1 32.Nb8 h5 33.g3 Rd6 34.Rc2 Rd3 35.Rc8+ Kh7
36.Rc7 Rxg3 37.Rxa7 Rxh3 38.Kg2 Rb3 39.Nc6 g5 40.Rxf7 Rxa3 41.Rf5 Ra2+ 42.Kg3 Kh6
43.Rf3 Rc2  0-1

[Event "ch-Africa"]
[Site "Abuja NGR"]
[Date "2003.10.10"]
[Round "1"]
[White "Molale,O"]
[Black "Agnelio,A"]
[Result "0-1"]
[WhiteElo "2181"]
[BlackElo "2254"]

1.e4 c5 2.c3 Nf6 3.e5 Nd5 4.Nf3 d6 5.d4 cxd4 6.cxd4 e6 7.Nc3 Nxc3 8.bxc3 Be7
9.Bd3 O-O 10.O-O Nd7 11.Re1 Qc7 12.Qc2 h6 13.Ba3 Re8 14.exd6 Bxd6 15.Bxd6 Qxd6
16.Qe2 Nf6 17.Ne5 b6 18.Bb5 Re7 19.Bc6 Rb8 20.c4 Bb7 21.Bxb7 Rexb7 22.Nf3 Rc7
23.Rac1 Rbc8 24.Rc2 Nd5 25.Rec1 Ne7 26.Qe4 Qb4 27.Ne5 Nc6 28.Nd3 Qa4 29.f3 Ne7
30.c5 Rd8 31.Rc4 Qxa2 32.Qe5 Rcc8 33.c6 Nd5 34.c7 Rd7 35.Nf4 Nxf4 36.Qxf4 Qa5
37.Kf2 Qd5 38.Qe4 g6 39.Ke3 Kf8 40.Qf4 Qg5 41.h4 Qxf4+ 42.Kxf4 Ke7 43.Ke4 Rd5
44.Ra4 a5 45.Rc6 Rd6 46.Rc1 Kd7 47.Rac4 Rd5 48.g4 b5 49.Rc6 b4 50.f4 Rb5
51.R6c5 Rxc5 52.Rxc5 Rxc7 53.Rxa5 Rb7 54.Ra2 b3 55.Rb2 Kd6 56.f5 exf5+ 57.gxf5 gxf5+
58.Kxf5 Kd5 59.h5 Kxd4 60.Kf6 Kc3 61.Rb1 Kc2 62.Rg1 b2 63.Rg2+ Kb3 64.Rg1 Ka2
65.Kg7 Rb6  0-1

[Event "zt 2.3"]
[Site "Guayaquil ECU"]
[Date "2003.10.10"]
[Round "7"]
[White "Estrada Nieto,J"]
[Black "Mieles Palau,D"]
[Result "1-0"]
[WhiteElo "2290"]
[BlackElo "2468"]

1.e4 c5 2.c3 Nf6 3.e5 Nd5 4.Nf3 Nc6 5.d4 cxd4 6.cxd4 d6 7.Bc4 e6 8.O-O Be7
9.Qe2 Qb6 10.Bb3 dxe5 11.dxe5 Nd4 12.Nxd4 Qxd4 13.Nc3 Bd7 14.Rd1 Qc5 15.Bd2 O-O
16.Rac1 Bc6 17.Nxd5 Bxd5 18.Rxc5 Bxc5 19.Bc2 Rfd8 20.Bg5 Bc4 21.Rxd8+ Rxd8
22.Qe4  1-0

[Event "EuTCh w"]
[Site "Plovdiv BUL"]
[Date "2003.10.11"]
[Round "1"]
[White "Andersson,C"]
[Black "Nill,J"]
[Result "1-0"]
[WhiteElo "2169"]
[BlackElo "2265"]

1.e4 c5 2.c3 Nf6 3.e5 Nd5 4.d4 cxd4 5.Qxd4 e6 6.Nf3 Nc6 7.Qe4 d6 8.Bb5 Bd7
9.c4 Nb6 10.exd6 Bxd6 11.Be3 Bb4+ 12.Nbd2 O-O 13.O-O a6 14.Bxc6 Bxc6 15.Qg4 f5
16.Qf4 Nd7 17.Nb3 Qc7 18.c5 Be4 19.Rfd1 e5 20.Rxd7 Qxd7 21.Nxe5 Qd5 22.Rc1 a5
23.f3 Rae8 24.Nc4 Bd3 25.Nd6 Re7 26.Rd1 b6 27.Qg5 Re6 28.Bd4 Rg6 29.Qe3 bxc5
30.Bxg7 Kxg7 31.Rxd3 Qe6 32.Qxe6 Rxe6 33.a3 Be1 34.Nxc5 Re7 35.Kf1 Kg6 36.g3 Rb8
37.b3 a4 38.Nxa4 Ba5 39.b4 Bc7 40.Nc5 Ra8 41.Nb5 Rae8 42.Nxc7 Rxc7 43.Rd6+ Kf7
44.a4 Re5 45.Rd2 Ke7 46.a5 Re3 47.Kf2 Ra3 48.h4 h5 49.a6 f4  1-0

[Event "EuTCh"]
[Site "Plovdiv BUL"]
[Date "2003.10.13"]
[Round "3"]
[White "Stevic,H"]
[Black "Van der Wiel,J"]
[Result "0-1"]
[WhiteElo "2555"]
[BlackElo "2537"]

1.e4 c5 2.c3 Nf6 3.e5 Nd5 4.d4 cxd4 5.Nf3 Nc6 6.cxd4 d6 7.Bc4 Nb6 8.Bb5 dxe5
9.Nxe5 Bd7 10.Nxd7 Qxd7 11.Nc3 e6 12.O-O Be7 13.Qg4 O-O 14.Bxc6 bxc6 15.Bh6 Bf6
16.Rfd1 Rfd8 17.Ne4 Qe7 18.Rac1 Rac8 19.h4 Rd5 20.Bg5 Nd7 21.Rc3 Kh8 22.Rf3 Ne5
23.Bxf6 Nxf3+ 24.Qxf3 gxf6 25.Qxf6+ Qxf6 26.Nxf6 Ra5 27.a3 Rd8 28.Rc1 Rxd4
29.Rxc6 Rf5 30.Rc8+ Kg7 31.Ne8+ Kg6 32.f3 h5 33.b4 Rfd5 34.Rc6 Rxh4 35.Nd6 Rd1+
36.Kf2 Rd2+ 37.Kg3 Rh1 38.Nc4 h4+ 39.Kf4 Rxg2 40.Ne5+ Kf6 41.Rc7 Rg7 42.Rxa7 Re1
43.Ng4+ Kg6 44.Ra8 f6 45.Nf2 e5+ 46.Kg4 Rf1 47.Nh3 Kf7+ 48.Kxh4 Rxf3 49.Ra7+ Kg6  0-1

[Event "EuTCh w"]
[Site "Plovdiv BUL"]
[Date "2003.10.14"]
[Round "4"]
[White "Rantanen,T"]
[Black "Cedikova,K"]
[Result "0-1"]
[WhiteElo "2165"]
[BlackElo "2201"]

1.e4 c5 2.c3 Nf6 3.e5 Nd5 4.d4 cxd4 5.Nf3 e6 6.cxd4 b6 7.Nc3 Nxc3 8.bxc3 Qc7
9.Bd2 Bb7 10.Bd3 d6 11.O-O Nd7 12.Re1 dxe5 13.Nxe5 Nxe5 14.Rxe5 Bd6 15.Bb5+ Kf8
16.Rh5 g6 17.Rh3 Bf4 18.Be1 Kg7 19.Ba4 Rhd8 20.Qg4 Rd5 21.Qe2 Rg5 22.f3 Rc8
23.Bb3 b5 24.a4 a6 25.Rb1 bxa4 26.Bxa4 Bd5 27.Rh4 Bc4 28.Qe4 Rf5 29.Rb7 Qd6
30.Rd7 Qa3 31.Rxf4 Qxa4 32.Rxf7+ Rxf7 33.Rxf7+ Kxf7 34.Qb7+ Kf6 35.Qxc8 g5
36.h4 Qd1 37.Qf8+ Kg6 38.Qg8+ Kf6 39.hxg5+ Kf5 40.Qxh7+ Kxg5 41.Qg7+ Kf5
42.Qe5+ Kg6 43.Kh2 Qc1 44.Qe4+ Kg7 45.Bg3 Qh6+ 46.Bh4 Bd5 47.Qe5+ Kg6 48.Qf6+ Kh7
49.Qf7+ Qg7 50.Qf4 Qh6 51.Qg4 Qg6 52.Bg5 a5 53.f4 a4 54.Qh4+ Kg7 55.Qe1 Qc2
56.Qe5+ Kh7 57.Kh3 Qxg2+ 58.Kh4 Qf2+ 59.Kh3 Bg2+ 60.Kh2 Bf1+  0-1

[Event "YM"]
[Site "Zug SUI"]
[Date "2003.10.14"]
[Round "8"]
[White "Allemann,A"]
[Black "Rau,H"]
[Result "1/2-1/2"]
[WhiteElo "2271"]
[BlackElo "2372"]

1.e4 c5 2.c3 Nf6 3.e5 Nd5 4.Nf3 Nc6 5.d4 cxd4 6.cxd4 d6 7.Bc4 Nb6 8.Bb5 Bd7
9.Nc3 dxe5 10.dxe5 g6 11.O-O Bg7 12.Qe2 a6 13.Bxc6 bxc6 14.Rd1 Qc8 15.Be3 Rb8
16.Rac1 O-O 17.Bxb6 Rxb6 18.Nd5 cxd5 19.Rxc8 Rxc8 20.h3 e6 21.Qd2 Rbc6 22.Qf4  1/2-1/2

[Event "HSK IM"]
[Site "Hamburg GER"]
[Date "2003.10.16"]
[Round "6"]
[White "Feuerstack,A"]
[Black "Langrock,H"]
[Result "1-0"]
[WhiteElo "2196"]
[BlackElo "2336"]

1.e4 c5 2.c3 Nf6 3.e5 Nd5 4.d4 cxd4 5.Nf3 e6 6.cxd4 b6 7.Nc3 Nxc3 8.bxc3 Qc7
9.Bd2 Be7 10.Bd3 Ba6 11.c4 d5 12.exd6 Bxd6 13.Qe2 Nd7 14.O-O O-O 15.Rac1 Bb7
16.d5 e5 17.Nh4 g6 18.Qg4 Nc5 19.Bb1 Kh8 20.f4 Bc8 21.Qg5 Kg8 22.f5 f6 23.Qg4 g5
24.Nf3 Kh8 25.h4 gxh4 26.Nxh4 Qf7 27.Rc3 Rg8 28.Qe2 Bd7 29.Rh3 Kg7 30.Ng6 Qe8
31.Qh5 Rh8 32.Bh6+ Kg8 33.Ne7+  1-0

[Event "21st Muensterland Open"]
[Site "Senden GER"]
[Date "2003.10.17"]
[Round "1"]
[White "Mass,E"]
[Black "Pinter,J"]
[Result "0-1"]
[WhiteElo "1985"]
[BlackElo "2518"]

1.e4 c5 2.c3 Nf6 3.e5 Nd5 4.d4 cxd4 5.cxd4 d6 6.Nf3 e6 7.Bc4 Nc6 8.O-O Be7
9.a3 O-O 10.b4 Bd7 11.Bb2 Rc8 12.Nbd2 a6 13.Rc1 Nb6 14.Ba2 d5 15.Ne1 Na7
16.f4 Bb5 17.Rf3 Na4 18.Ba1 Be2 19.Rxc8 Bxd1 20.Rxd8 Rxd8 21.Rf2 Nb5 22.Bb3 Bxb3
23.Nxb3 Nxa3 24.Nc5 Nxc5 25.bxc5 Nc4 26.Ra2 Ra8 27.Bc3 b6 28.cxb6 Nxb6 29.Nd3 Nc4
30.Bb4 Bxb4 31.Nxb4 a5 32.f5 a4 33.Kf2 a3 34.fxe6 fxe6 35.Ke1 Rb8 36.Nd3 Rb1+
37.Ke2 Kf7 38.Kf3 g5 39.g4 Kg6 40.h3 Rb3  0-1